000
00359cam a2200169ua 4500
001
3211
008
131203n II |||gr||||Z||||||asm
040
_a
MAIN
041
_a
English
082
_a
205 MAD
100
_a
MADAVDEV.
245
_a
NAMGHUSHA
260
_a
[s.l:
_b
s.n.]
_c
1989.
300
_a
234.:
_c
20CM.
653
_a
Religious ethics
942
_c
BK
999
_c
3199
_d
3199